[Event "Rated Rapid game"]
[Site "?"]
[Date "2021.02.12"]
[Round "?"]
[White "cano26"]
[Black "Veysi13"]
[Result "1-0"]
[WhiteElo "2534"]
[BlackElo "2305"]
[PlyCount "47"]
[EventDate "2021.??.??"]
[EventType "rapid"]

1. e4 e5 2. Nf3 d5 3. exd5 e4 4. Qe2 Nf6 5. d3 Bb4+ 6. c3 O-O 7. dxe4 Bc5 8.
Bg5 Nbd7 9. Nbd2 Re8 10. Bh4 a5 11. O-O-O a4 12. e5 c6 13. Ne4 Qb6 14. exf6 a3
15. b3 Qa5 16. b4 Bxb4 17. cxb4 Qxb4 18. Rd4 Qb6 19. dxc6 bxc6 20. fxg7 Rb8 21.
Qc2 Rxe4 22. Rxe4 Nc5 23. Re8+ Kxg7 24. Qc3+ {Normal} 1-0

[Event "Rated Blitz game"]
[Site "?"]
[Date "2021.02.12"]
[Round "?"]
[White "jpboyeras"]
[Black "blastol"]
[Result "1-0"]
[WhiteElo "2433"]
[BlackElo "2355"]
[PlyCount "91"]
[EventDate "2021.??.??"]
[EventType "blitz"]

1. e4 e5 2. Nf3 d5 3. exd5 Bd6 4. d4 e4 5. Ne5 Nf6 6. c4 O-O 7. Nc3 Re8 8. Be2
Nbd7 9. Nxd7 Bxd7 10. O-O h6 11. c5 Be7 12. Bf4 Bf5 13. Bc4 g5 14. Be5 Kh7 15.
h3 Bg6 16. Re1 Qd7 17. Qb3 b6 18. Bb5 Qf5 19. g4 Nxg4 20. hxg4 Qxg4+ 21. Bg3 f5
22. Be2 Qh3 23. Bf1 Qh5 24. Qd1 g4 25. Ne2 bxc5 26. Nf4 Qg5 27. Ne6 Qf6 28. Be5
Qh4 29. dxc5 Bxc5 30. Bg3 Qe7 31. Nxc5 Qxc5 32. Rc1 Qb6 33. Rxc7+ Kh8 34. Qb3
Qf6 35. Qc3 Qxc3 36. bxc3 Rf8 37. Be5+ Kg8 38. c4 Bf7 39. Rxf7 Kxf7 40. c5 Rfe8
41. Bf4 Rad8 42. Bc4 Ke7 43. d6+ Kd7 44. Bb5+ Ke6 45. Bxe8 Rxe8 46. c6 {Normal}
1-0

[Event "Rated Blitz game"]
[Site "?"]
[Date "2021.02.12"]
[Round "?"]
[White "Stoichess"]
[Black "tactinhos2900"]
[Result "1/2-1/2"]
[WhiteElo "2585"]
[BlackElo "2567"]
[PlyCount "97"]
[EventDate "2021.??.??"]
[EventType "blitz"]

1. e4 e5 2. Nf3 d5 3. exd5 e4 4. Qe2 Be7 5. Qxe4 Nf6 6. Qa4+ c6 7. Be2 O-O 8.
O-O b5 9. Qb3 Nxd5 10. d4 Be6 11. c4 Nb6 12. Nbd2 N8d7 13. Qc2 Nf6 14. b3 a6
15. Bb2 Rc8 16. Bd3 Qd7 17. Rfe1 h6 18. Ne5 Qb7 19. Ndf3 Nbd7 20. h3 Rfe8 21.
Re2 Nh5 22. Re3 Nf4 23. Bf1 Nxe5 24. Nxe5 Bg5 25. Rae1 bxc4 26. bxc4 Rb8 27.
Bc3 Bc8 28. Nf3 Be6 29. Nxg5 hxg5 30. Kh2 Qc7 31. g3 Ng6 32. d5 cxd5 33. cxd5
Bd7 34. Rxe8+ Rxe8 35. Rxe8+ Bxe8 36. Bd3 Ne5 37. Bxe5 Qxe5 38. Qe2 Qxe2 39.
Bxe2 a5 40. d6 Bd7 41. f4 gxf4 42. gxf4 Kf8 43. Kg3 Ke8 44. a3 Be6 45. Bb5+ Bd7
46. Bc4 Be6 47. Bb5+ Bd7 48. Bc4 Be6 49. Bb5+ {Normal} 1/2-1/2

[Event "Rated Blitz game"]
[Site "?"]
[Date "2021.02.12"]
[Round "?"]
[White "decf"]
[Black "GrandeGila"]
[Result "1-0"]
[WhiteElo "2241"]
[BlackElo "2441"]
[PlyCount "51"]
[EventDate "2021.??.??"]
[EventType "blitz"]

1. e4 e5 2. Nf3 d5 3. Nxe5 Bd6 4. d4 dxe4 5. f4 exf3 6. Nxf3 Bg4 7. Bc4 Nc6 8.
O-O Nf6 9. h3 Bxf3 10. Qxf3 O-O 11. c3 h6 12. Bxh6 gxh6 13. Qxf6 Qxf6 14. Rxf6
Kg7 15. Rf3 Rae8 16. Nd2 Na5 17. Bd3 c5 18. Raf1 cxd4 19. cxd4 Nc6 20. Nb3 Bc7
21. Bc4 Re7 22. Kh1 Bb6 23. Rf4 Rd7 24. Rg4+ Kh7 25. Bd3+ Kh8 26. Rf6 {Normal}
1-0

[Event "Rated Blitz game"]
[Site "?"]
[Date "2021.02.12"]
[Round "?"]
[White "Titorajedrez"]
[Black "Schachelite"]
[Result "1-0"]
[WhiteElo "2478"]
[BlackElo "2404"]
[PlyCount "58"]
[EventDate "2021.??.??"]
[EventType "blitz"]

1. e4 e5 2. Nf3 d5 3. exd5 e4 4. Qe2 Nf6 5. d3 Qxd5 6. Nc3 Bb4 7. Bd2 Bxc3 8.
Bxc3 O-O 9. dxe4 Nxe4 10. Rd1 Qf5 11. Qe3 Nc6 12. Bd3 Re8 13. O-O Qe6 14. Ng5
Nxg5 15. Qxg5 g6 16. Qh6 f6 17. f4 Qf7 18. f5 Bxf5 19. Bxf5 gxf5 20. Rf3 Re6
21. Rg3+ Kh8 22. Rd7 Ne7 23. Rxc7 Rg8 24. Rf3 Qf8 25. Qd2 Qg7 26. Rg3 Qf7 27.
Rxg8+ Qxg8 28. Rxe7 Rxe7 29. Bxf6+ Rg7 {Normal} 1-0

[Event "Rated Blitz game"]
[Site "?"]
[Date "2021.02.12"]
[Round "?"]
[White "Aurelor"]
[Black "Terizlong"]
[Result "0-1"]
[WhiteElo "2386"]
[BlackElo "2461"]
[PlyCount "72"]
[EventDate "2021.??.??"]
[EventType "blitz"]

1. e4 e5 2. Nf3 d5 3. exd5 Bd6 4. d4 e4 5. Ne5 Nf6 6. Bb5+ c6 7. dxc6 bxc6 8.
Bc4 O-O 9. O-O Nbd7 10. Bf4 Qc7 11. Nxd7 Bxd7 12. Bxd6 Qxd6 13. Nc3 a5 14. h3
a4 15. d5 Qb4 16. Qe2 a3 17. Nxe4 Nxe4 18. Qxe4 axb2 19. Rab1 Ra4 20. dxc6 Be6
21. Bd3 Qxe4 22. Bxe4 Rxe4 23. Rxb2 Rc4 24. f4 Rxc6 25. f5 Bd5 26. Rd1 Be4 27.
g4 Rc3 28. Kh2 g5 29. Rd4 Re8 30. a4 Bc6 31. Rd2 Ree3 32. f6 Rxh3+ 33. Kg1 Rh1+
34. Kf2 Rf3+ 35. Ke2 Rh2+ 36. Ke1 Re3+ {Normal} 0-1

[Event "Rated Blitz game"]
[Site "?"]
[Date "2021.02.12"]
[Round "?"]
[White "Austrian_Attack"]
[Black "NooB_MasteR_69_chess"]
[Result "0-1"]
[WhiteElo "2671"]
[BlackElo "2489"]
[PlyCount "138"]
[EventDate "2021.??.??"]
[EventType "blitz"]

1. e4 e5 2. Nf3 d5 3. Nxe5 Bd6 4. d4 dxe4 5. Bc4 Bxe5 6. Qh5 Qe7 7. Qxe5 Qxe5
8. dxe5 Nc6 9. Bd5 Bf5 10. Bxc6+ bxc6 11. Bf4 O-O-O 12. Nd2 Ne7 13. O-O-O Nd5
14. Bg3 e3 15. Nf3 exf2 16. Bxf2 Nb4 17. Nd4 Bg4 18. Rd2 Nxa2+ 19. Kb1 Nb4 20.
c3 Bf5+ 21. Ka1 Nc2+ 22. Ka2 Rd5 23. Rhd1 Rhd8 24. Bh4 Ra5+ 25. Kb3 Nxd4+ 26.
Rxd4 Be6+ 27. Kc2 Rxd4 28. cxd4 Bd5 29. g3 c5 30. dxc5 Rxc5+ 31. Kd3 Bb3 32.
Ra1 Rxe5 33. g4 a5 34. Bg3 Rd5+ 35. Kc3 a4 36. Re1 Kd7 37. Be5 f6 38. Bg3 c6
39. h3 Rc5+ 40. Kb4 Rc2 41. Ka3 Rd2 42. Bf4 Rd3 43. Be3 Bc2+ 44. Kb4 Rb3+ 45.
Kc4 Rxb2 46. Bc5 Bb3+ 47. Kd4 Rd2+ 48. Kc3 Rc2+ 49. Kd4 Rc4+ 50. Kd3 Rxc5 51.
Rf1 Rd5+ 52. Kc3 Rc5+ 53. Kb4 Rb5+ 54. Ka3 Bc4 55. g5 Bxf1 56. Kxa4 Rxg5 57. h4
Rh5 58. Kb4 Bh3 59. Kc4 Be6+ 60. Kd4 Rxh4+ 61. Kc5 Rc4+ 62. Kb6 f5 63. Ka5 f4
64. Kb6 f3 65. Kb7 f2 66. Ka6 f1=Q 67. Kb6 Qb1+ 68. Ka5 Rc2 69. Ka4 Ra2# {
Normal} 0-1

[Event "Rated Blitz game"]
[Site "?"]
[Date "2021.02.12"]
[Round "?"]
[White "Ianniello"]
[Black "Schachelite"]
[Result "1/2-1/2"]
[WhiteElo "2398"]
[BlackElo "2404"]
[PlyCount "151"]
[EventDate "2021.??.??"]
[EventType "blitz"]

1. e4 e5 2. Nf3 d5 3. d3 dxe4 4. dxe4 Qxd1+ 5. Kxd1 Bg4 6. Be2 Bc5 7. Rf1 Nd7
8. h3 Bh5 9. Nc3 Ngf6 10. Bg5 O-O-O 11. Kc1 h6 12. Bd2 Bd4 13. g4 Bg6 14. Bd3
Bxc3 15. Bxc3 Bxe4 16. Bxe4 Nxe4 17. Nxe5 Nxe5 18. Bxe5 f6 19. Bf4 Rd7 20. f3
Nc5 21. Be3 Ne6 22. Rd1 Rhd8 23. Rxd7 Rxd7 24. c3 Ng5 25. Bxg5 fxg5 26. Kc2 Rf7
27. Rf1 Kd7 28. Kd3 Kd6 29. Ke3 Ke5 30. Rd1 Re7 31. Rd4 Rf7 32. Rd8 a5 33. b3
b6 34. Re8+ Kd5 35. Rd8+ Kc5 36. a3 Re7+ 37. Kd3 Rf7 38. b4+ Kb5 39. bxa5 bxa5
40. Rd5+ Ka4 41. Ke4 Rf4+ 42. Ke3 Rf6 43. Rc5 c6 44. Kf2 Re6 45. Kg3 Re2 46.
Rxc6 Kxa3 47. Rc7 a4 48. Rxg7 Kb3 49. Rg6 a3 50. Rxh6 a2 51. Ra6 Re1 52. h4
gxh4+ 53. Kxh4 a1=Q 54. Rxa1 Rxa1 55. g5 Kxc3 56. g6 Kd4 57. Kg5 Ke5 58. f4+
Ke6 59. f5+ Ke7 60. f6+ Kf8 61. Kh6 Rh1+ 62. Kg5 Kg8 63. Kf5 Rg1 64. f7+ Kg7
65. Ke6 Rxg6+ 66. Ke7 Rf6 67. Kd7 Rxf7+ 68. Ke6 Rf6+ 69. Ke5 Kg6 70. Ke4 Kg5
71. Ke5 Kg6 72. Ke4 Rf5 73. Ke3 Kf6 74. Ke4 Ke6 75. Kd4 Rf4+ 76. Ke3 {Time
forfeit} 1/2-1/2

[Event "Rated Blitz game"]
[Site "?"]
[Date "2021.02.12"]
[Round "?"]
[White "Karttunen"]
[Black "zharari-9"]
[Result "1-0"]
[WhiteElo "2524"]
[BlackElo "2280"]
[PlyCount "35"]
[EventDate "2021.??.??"]
[EventType "blitz"]

1. e4 e5 2. Nf3 d5 3. exd5 Bd6 4. d3 Nf6 5. c4 h6 6. Nc3 O-O 7. Be2 a6 8. O-O
Re8 9. Nd2 Bf5 10. Nde4 Be7 11. Nxf6+ Bxf6 12. Bg4 Bg6 13. Ne4 Be7 14. Ng3 Nd7
15. Bf5 Nf8 16. Qf3 Bc5 17. Be3 Qd6 18. Ne4 {Normal} 1-0

[Event "Rated Blitz game"]
[Site "?"]
[Date "2021.02.12"]
[Round "?"]
[White "Naruto_69"]
[Black "JoNAKz"]
[Result "1-0"]
[WhiteElo "2426"]
[BlackElo "2360"]
[PlyCount "53"]
[EventDate "2021.??.??"]
[EventType "blitz"]

1. e4 e5 2. Nf3 d5 3. d4 dxe4 4. Nxe5 Bd6 5. Nc4 Nc6 6. c3 f5 7. Nxd6+ Qxd6 8.
g3 Nf6 9. Nd2 Be6 10. Nc4 Qe7 11. Be2 O-O-O 12. Qa4 Kb8 13. b4 Nd5 14. Bd2 Bd7
15. b5 e3 16. fxe3 Nb6 17. Nxb6 axb6 18. O-O Na7 19. c4 h5 20. Qb4 Qf6 21. a4
h4 22. g4 Qg6 23. a5 fxg4 24. axb6 cxb6 25. e4 Qxe4 26. Qd6+ Ka8 27. Rxa7+ {
Normal} 1-0

[Event "Rated Blitz game"]
[Site "?"]
[Date "2021.02.12"]
[Round "?"]
[White "Likhit"]
[Black "Fantastic_power06"]
[Result "1/2-1/2"]
[WhiteElo "2467"]
[BlackElo "2632"]
[PlyCount "142"]
[EventDate "2021.??.??"]
[EventType "blitz"]

1. e4 e5 2. Nf3 d5 3. Nxe5 Bd6 4. d4 dxe4 5. Bc4 Bxe5 6. Qh5 Qe7 7. Qxe5 Qxe5
8. dxe5 Nc6 9. Nc3 Bf5 10. Bf4 Nge7 11. O-O-O O-O 12. Rhe1 Ng6 13. Bg3 Ngxe5
14. Bb3 Kh8 15. Nxe4 Rae8 16. f3 b6 17. Ba4 Re6 18. Ng5 Rg6 19. Bxe5 Rxg5 20.
Bxc6 Rxg2 21. Be4 Be6 22. Rg1 Rxg1 23. Rxg1 f6 24. Bxc7 Bxa2 25. b3 Rc8 26. Rd1
Bxb3 27. Rd8+ Rxd8 28. Bxd8 Be6 29. Bc7 g5 30. Bc6 Kg7 31. Bb8 a6 32. Bc7 b5
33. Bb7 h5 34. Bxa6 Bd5 35. f4 g4 36. Bxb5 h4 37. f5 Kh6 38. Bf4+ Kh5 39. Be2
Be4 40. Bd3 Bf3 41. c4 g3 42. hxg3 Kg4 43. gxh4 Kxf4 44. Kd2 Bc6 45. Kc3 Kg4
46. Kd4 Kxh4 47. Kc5 Ba4 48. Kd6 Kg5 49. c5 Kf4 50. c6 Ke3 51. c7 Bd7 52. Bc2
Bc8 53. Ke7 Kd2 54. Bb1 Kc1 55. Be4 Kd2 56. Kd8 Ba6 57. c8=Q Bxc8 58. Kxc8 Ke3
59. Bb1 Kf4 60. Kd7 Kg4 61. Ke6 Kg5 62. Ke7 Kf4 63. Kxf6 Ke3 64. Ke6 Kd2 65. f6
Kc1 66. f7 Kxb1 67. f8=Q Kc1 68. Qf2 Kb1 69. Kd5 Kc1 70. Kc4 Kd1 71. Kc3 Kc1 {
Time forfeit} 1/2-1/2

[Event "Rated Rapid game"]
[Site "?"]
[Date "2021.02.12"]
[Round "?"]
[White "Iamthegage"]
[Black "femur123"]
[Result "1-0"]
[WhiteElo "2440"]
[BlackElo "2431"]
[PlyCount "133"]
[EventDate "2021.??.??"]
[EventType "rapid"]

1. e4 e5 2. Nf3 d5 3. exd5 e4 4. Qe2 Nf6 5. d3 Bb4+ 6. c3 O-O 7. dxe4 Bd6 8.
Bg5 Re8 9. Nbd2 Nbd7 10. O-O-O h6 11. Bh4 Bf4 12. g3 Bxd2+ 13. Qxd2 Nxe4 14.
Bxd8 Nxd2 15. Rxd2 Rxd8 16. d6 cxd6 17. Rxd6 Rf8 18. Nd4 Nf6 19. f3 Bd7 20. Bd3
Rae8 21. g4 a5 22. h4 Re5 23. Kd2 Rfe8 24. Rb6 Bc8 25. Rg1 Kf8 26. Rb5 Rxb5 27.
Nxb5 Bd7 28. Nd4 Nd5 29. Kc2 a4 30. Be4 Re5 31. b3 a3 32. Kd3 Nf4+ 33. Kc4 b5+
34. Kb4 g6 35. Kxa3 f5 36. Bc6 Bxc6 37. Nxc6 Rc5 38. Nd4 Rxc3 39. gxf5 gxf5 40.
Kb4 Re3 41. Rf1 Nd5+ 42. Kc5 Nc3 43. Rf2 f4 44. Nxb5 Nxb5 45. Kxb5 Kf7 46. b4
Ra3 47. Kc6 Ra4 48. b5 Ke8 49. b6 Rc4+ 50. Kb5 Rc8 51. b7 Rb8 52. Re2+ Kd7 53.
Rd2+ Kc7 54. Rd4 Rxb7+ 55. Kc5 Ra7 56. Kd5 Rxa2 57. Rxf4 Ra5+ 58. Ke6 Ra6+ 59.
Ke7 Kc8 60. Rf8+ Kb7 61. Kd7 Rc6 62. Rc8 Rc7+ 63. Rxc7+ Kb6 64. Rc8 Kb5 65.
Rb8+ Ka4 66. Kc6 Ka3 67. Ra8+ {Time forfeit} 1-0

[Event "Rated Blitz game"]
[Site "?"]
[Date "2021.02.12"]
[Round "?"]
[White "Ristic58"]
[Black "JoNAKz"]
[Result "0-1"]
[WhiteElo "2486"]
[BlackElo "2371"]
[PlyCount "78"]
[EventDate "2021.??.??"]
[EventType "blitz"]

1. e4 e5 2. Nf3 d5 3. Nxe5 dxe4 4. d4 Bd6 5. Nc4 Nc6 6. Nxd6+ Qxd6 7. c3 f5 8.
Bc4 Nf6 9. Bg5 Bd7 10. Na3 O-O-O 11. Qd2 a6 12. O-O-O h6 13. Bf4 Qe7 14. h4 Be6
15. f3 b5 16. Bxe6+ Qxe6 17. Kb1 Nd5 18. Rhe1 b4 19. cxb4 Ndxb4 20. b3 Rxd4 21.
Qc3 Rhd8 22. Rxd4 Rxd4 23. Nc4 Nd3 24. Nd6+ Rxd6 25. Bxd6 Nxe1 26. Bg3 Nd3 27.
Qxg7 f4 28. Qf8+ Kb7 29. Bxf4 Nxf4 30. Qxf4 e3 31. Qg3 e2 32. Qe1 Qf5+ 33. Kc1
Qd3 34. Qd2 Ne5 35. Qb4+ Kc6 36. Qa4+ Kd6 37. Qb4+ Ke6 38. Qe1 Qe3+ 39. Kc2 Nd3
{Time forfeit} 0-1

[Event "Rated Blitz game"]
[Site "?"]
[Date "2021.02.12"]
[Round "?"]
[White "Aurelor"]
[Black "Terizlong"]
[Result "0-1"]
[WhiteElo "2396"]
[BlackElo "2451"]
[PlyCount "34"]
[EventDate "2021.??.??"]
[EventType "blitz"]

1. e4 e5 2. Nf3 d5 3. exd5 Bd6 4. Nc3 Nf6 5. Bb5+ Nbd7 6. d3 h6 7. O-O O-O 8.
Re1 a6 9. Ba4 Nc5 10. Bb3 Bg4 11. h3 Bh5 12. g4 Nxg4 13. hxg4 Bxg4 14. Ne4 Nxb3
15. axb3 f5 16. Nxd6 Qxd6 17. c4 e4 {Normal} 0-1

[Event "Rated Blitz game"]
[Site "?"]
[Date "2021.02.12"]
[Round "?"]
[White "rippchess"]
[Black "Terizlong"]
[Result "0-1"]
[WhiteElo "2321"]
[BlackElo "2420"]
[PlyCount "28"]
[EventDate "2021.??.??"]
[EventType "blitz"]

1. e4 e5 2. Nf3 d5 3. exd5 Bd6 4. d4 e4 5. Ne5 Nf6 6. Bb5+ c6 7. dxc6 bxc6 8.
Nxc6 Qb6 9. Nxa7+ Bd7 10. Nc8 Bb4+ 11. Nc3 Qc7 12. O-O Bxc3 13. Bxd7+ Nbxd7 14.
bxc3 Qxc8 {Normal} 0-1

[Event "Rated Blitz game"]
[Site "?"]
[Date "2021.02.12"]
[Round "?"]
[White "Kingwannabe"]
[Black "ALJHoNRo"]
[Result "1-0"]
[WhiteElo "2431"]
[BlackElo "2309"]
[PlyCount "37"]
[EventDate "2021.??.??"]
[EventType "blitz"]

1. e4 e5 2. Nf3 d5 3. Nxe5 dxe4 4. d4 Bd6 5. Nc4 Nc6 6. Be3 f5 7. g3 Nf6 8. Bg2
Be6 9. Nxd6+ Qxd6 10. O-O O-O-O 11. c3 h6 12. b4 g5 13. Qa4 f4 14. Bc1 Kb8 15.
Re1 Nxd4 16. cxd4 Qxd4 17. Qa3 Ng4 18. Qb2 Nxf2 19. Qxd4 {Time forfeit} 1-0

[Event "Rated Blitz game"]
[Site "?"]
[Date "2021.02.11"]
[Round "?"]
[White "karsten97"]
[Black "RiskyBlitzer"]
[Result "1-0"]
[WhiteElo "2513"]
[BlackElo "2411"]
[PlyCount "37"]
[EventDate "2021.??.??"]
[EventType "blitz"]

1. e4 e5 2. Nf3 d5 3. exd5 e4 4. Qe2 Nf6 5. d3 Be7 6. dxe4 O-O 7. Nc3 Re8 8.
Qd3 Bb4 9. Be2 Nxe4 10. O-O Bxc3 11. bxc3 Nxc3 12. Qxc3 Rxe2 13. Be3 b6 14. Nd4
Ba6 15. Nxe2 Bxe2 16. Rfe1 Ba6 17. Bf4 Nd7 18. Bxc7 Qg5 19. Qc6 {Normal} 1-0

[Event "Rated Blitz game"]
[Site "?"]
[Date "2021.02.11"]
[Round "?"]
[White "emiliooo"]
[Black "spv79"]
[Result "1-0"]
[WhiteElo "2502"]
[BlackElo "2474"]
[PlyCount "93"]
[EventDate "2021.??.??"]
[EventType "blitz"]

1. e4 e5 2. Nf3 d5 3. Nxe5 Bd6 4. d4 dxe4 5. Nc4 Nf6 6. Nc3 O-O 7. Bg5 Nc6 8.
Be2 Be7 9. Be3 Nb4 10. O-O Nbd5 11. Nxd5 Nxd5 12. Bc1 f5 13. Ne5 f4 14. Bc4 Be6
15. Re1 e3 16. fxe3 Bh4 17. Rf1 fxe3 18. Bxe3 Qe7 19. Qd2 Rad8 20. Rxf8+ Rxf8
21. Rf1 Rxf1+ 22. Bxf1 Nxe3 23. Qxe3 Bg5 24. Qe4 c6 25. c4 Qb4 26. Nxc6 Qd6 27.
Ne5 Bf6 28. Nf3 h6 29. d5 Bd7 30. Qe3 b6 31. b3 Qa3 32. Qd2 Qc5+ 33. Kh1 Bg4
34. Qe2 Qa3 35. Qe8+ Qf8 36. Qe4 Bxf3 37. Qxf3 Qd6 38. Bd3 Kf8 39. Bg6 Qe5 40.
h3 Qa1+ 41. Kh2 Ke7 42. Qe2+ Be5+ 43. g3 Kd6 44. Bf5 Qc3 45. Qf2 g5 46. Bg4 h5
47. Qf8+ {Time forfeit} 1-0

[Event "Rated Blitz game"]
[Site "?"]
[Date "2021.02.11"]
[Round "?"]
[White "akots"]
[Black "RiskyBlitzer"]
[Result "0-1"]
[WhiteElo "2281"]
[BlackElo "2415"]
[PlyCount "44"]
[EventDate "2021.??.??"]
[EventType "blitz"]

1. e4 e5 2. Nf3 d5 3. exd5 e4 4. Ne5 Qxd5 5. d4 exd3 6. Nxd3 Nf6 7. Nc3 Qe6+ 8.
Be2 Bd6 9. O-O O-O 10. Nf4 Qe5 11. Re1 Nc6 12. Bf3 Qd4 13. Be3 Qxd1 14. Raxd1
Ne5 15. Be2 a6 16. Bf1 Bf5 17. Ncd5 Nxd5 18. Nxd5 Bxc2 19. Rc1 Be4 20. Nxc7
Rac8 21. Bb6 Bc6 22. f4 Nd7 {Normal} 0-1

[Event "Rated Blitz game"]
[Site "?"]
[Date "2021.02.11"]
[Round "?"]
[White "rumiek"]
[Black "KamranShirazi"]
[Result "0-1"]
[WhiteElo "2397"]
[BlackElo "2501"]
[PlyCount "84"]
[EventDate "2021.??.??"]
[EventType "blitz"]

1. e4 e5 2. Nf3 d5 3. Nxe5 Bd6 4. d4 dxe4 5. Bc4 Bxe5 6. dxe5 Qxd1+ 7. Kxd1
Bg4+ 8. Ke1 Nc6 9. Bf4 O-O-O 10. Nd2 Nd4 11. Rc1 f5 12. c3 Nc6 13. h3 Bh5 14.
Be6+ Kb8 15. Bxf5 Rf8 16. g4 g6 17. Bxe4 Rxf4 18. Bxc6 Bxg4 19. hxg4 bxc6 20.
f3 Ne7 21. Ke2 h5 22. Ke3 Nd5+ 23. Ke2 Re8 24. gxh5 Rxe5+ 25. Kf2 gxh5 26. Rce1
Ref5 27. Re4 Nf6 28. Rxf4 Rxf4 29. Kg3 Rf5 30. Rh4 c5 31. Ne4 Nd7 32. Rf4 Rd5
33. Rf7 Ne5 34. Rh7 Nd3 35. b3 Nc1 36. c4 Rf5 37. f4 Nxa2 38. Kf3 Nc1 39. Ng3
Rf8 40. Rxh5 Nd3 41. Rd5 Nxf4 42. Nf5 Nxd5 {Normal} 0-1

[Event "Rated Blitz game"]
[Site "?"]
[Date "2021.02.11"]
[Round "?"]
[White "ROCK_STAAR"]
[Black "Fantastic_power06"]
[Result "0-1"]
[WhiteElo "2471"]
[BlackElo "2649"]
[PlyCount "116"]
[EventDate "2021.??.??"]
[EventType "blitz"]

1. e4 e5 2. Nf3 d5 3. d3 dxe4 4. dxe4 Qxd1+ 5. Kxd1 Nc6 6. Nbd2 Bg4 7. Bb5 Nge7
8. c3 O-O-O 9. Kc2 f5 10. Ng5 Bh5 11. Ne6 Rd6 12. Nxf8 Rxf8 13. f3 Bg6 14. Bd3
Rfd8 15. exf5 Nxf5 16. Bxf5+ Bxf5+ 17. Ne4 Rg6 18. g3 Ne7 19. Re1 Nd5 20. Bd2
Nf6 21. Kd1 Rh6 22. h4 Nxe4 23. fxe4 Rhd6 24. exf5 Rxd2+ 25. Kc1 Rg2 26. a4 Rd5
27. Kb1 Rxg3 28. Ka2 Rg2 29. Rg1 Rdd2 30. Rxg2 Rxg2 31. Re1 Rf2 32. Rxe5 Rf4
33. h5 Rxa4+ 34. Kb3 Rh4 35. Re7 Rxh5 36. Rxg7 Rxf5 37. Rxh7 b6 38. c4 Kb7 39.
Kb4 Rf3 40. b3 a5+ 41. Ka4 Rf1 42. Ka3 Ra1+ 43. Kb2 Rg1 44. Rf7 Rg4 45. Rh7 a4
46. bxa4 Rxc4 47. Kb3 Rc6 48. Rh5 Rd6 49. Rb5 Kc6 50. Rb4 Rd3+ 51. Kc2 Rd5 52.
Rg4 Rc5+ 53. Kb3 Kd5 54. Rg5+ Kd4 55. Rg4+ Ke5 56. Rg7 c6 57. Kb4 Kd6 58. a5
Rb5+ {Time forfeit} 0-1

[Event "Rated Blitz tournament LMKs8Bxf"]
[Site "?"]
[Date "2021.02.11"]
[Round "?"]
[White "Mischer86"]
[Black "Maltinho"]
[Result "1-0"]
[WhiteElo "2426"]
[BlackElo "2506"]
[PlyCount "113"]
[EventDate "2021.??.??"]
[EventType "blitz"]

1. e4 e5 2. Nf3 d5 3. Nxe5 Bd6 4. d4 dxe4 5. Nc4 Nf6 6. Nxd6+ Qxd6 7. Be2 O-O
8. O-O Nc6 9. c3 Ne7 10. Bg5 Ng6 11. Nd2 Bf5 12. Nc4 Qe6 13. Re1 Rfe8 14. Qd2
h6 15. Be3 Nd5 16. Rad1 Bg4 17. Bxg4 Qxg4 18. h3 Qf5 19. Re2 Ngf4 20. Bxf4 Nxf4
21. Re3 Rad8 22. Rde1 b5 23. Na5 Qg5 24. g3 Nxh3+ 25. Kh2 Qh5 26. Kg2 Qg4 27.
Qd1 Nf4+ 28. Kg1 Qg6 29. Nb7 Rd5 30. Nc5 f5 31. Qb3 c6 32. a4 Nh3+ 33. Kg2 f4
34. Rxe4 Rxe4 35. Nxe4 fxg3 36. fxg3 Nf4+ 37. Kf3 Qh5+ 38. Kxf4 Kh7 39. Ke3 Rf5
40. Qe6 Qf3+ 41. Kd2 Rh5 42. Re2 bxa4 43. Qxc6 Rf5 44. Qe6 Qf1 45. d5 Rf8 46.
d6 Qb1 47. Qe7 Qxb2+ 48. Ke3 Qc1+ 49. Kd4 Qg1+ 50. Kd3 Qd1+ 51. Rd2 Rf3+ 52.
Kc4 Qb3+ 53. Kd4 Rf5 54. Ke3 Rf6 55. Nxf6+ Kg6 56. Nd5 Qc4 57. Qe4+ {Time
forfeit} 1-0

[Event "Rated Blitz game"]
[Site "?"]
[Date "2021.02.11"]
[Round "?"]
[White "KoronaVirusMaster"]
[Black "DarthZannah"]
[Result "1-0"]
[WhiteElo "2449"]
[BlackElo "2464"]
[PlyCount "101"]
[EventDate "2021.??.??"]
[EventType "blitz"]

1. e4 e5 2. Nf3 d5 3. exd5 e4 4. Qe2 Nf6 5. Nc3 Be7 6. Nxe4 O-O 7. d3 Qxd5 8.
Nxf6+ Bxf6 9. Qd1 Bg4 10. Be2 Re8 11. O-O c5 12. h3 Bh5 13. c3 Nc6 14. Be3 b6
15. Qd2 Rad8 16. Rfd1 Bg6 17. b3 Ne5 18. Nxe5 Qxe5 19. Rac1 h6 20. d4 cxd4 21.
cxd4 Qd6 22. Bf3 Be4 23. Bxe4 Rxe4 24. d5 Qa3 25. d6 Re6 26. d7 Kh7 27. Rc8 Qf8
28. Qd3+ g6 29. Rxd8 Qxd8 30. Bf4 Rc6 31. Qd5 Re6 32. Qb7 Kg7 33. Bc7 Qf8 34.
d8=Q Bxd8 35. Bxd8 Qa3 36. Rd7 Qc1+ 37. Kh2 Qf4+ 38. g3 Qxf2+ 39. Qg2 Re2 40.
Qxf2 Rxf2+ 41. Kg1 Rxa2 42. Bc7 Kf6 43. Bd8+ Kg7 44. Be7 a5 45. Rb7 a4 46. bxa4
Rxa4 47. Rxb6 Re4 48. Bf6+ Kh7 49. Rb8 g5 50. g4 Kg6 51. Rb6 {Time forfeit} 1-0

[Event "Rated Blitz game"]
[Site "?"]
[Date "2021.02.11"]
[Round "?"]
[White "KoronaVirusMaster"]
[Black "DarthZannah"]
[Result "1-0"]
[WhiteElo "2450"]
[BlackElo "2464"]
[PlyCount "125"]
[EventDate "2021.??.??"]
[EventType "blitz"]

1. e4 e5 2. Nf3 d5 3. exd5 e4 4. Qe2 Nf6 5. Nc3 Be7 6. Nxe4 O-O 7. d3 Qxd5 8.
Nxf6+ Bxf6 9. Qd1 Nc6 10. Be2 Bg4 11. O-O Rfe8 12. c3 Re7 13. Be3 Rae8 14. d4
Nd8 15. h3 Bh5 16. Re1 Ne6 17. c4 Qd7 18. d5 Nf8 19. Qc2 b6 20. Rad1 Ng6 21.
Nd4 Bxe2 22. Nxe2 Nh4 23. Qd3 Bxb2 24. Nd4 Bxd4 25. Qxd4 Nf5 26. Qf4 Nxe3 27.
Rxe3 Rxe3 28. fxe3 Qe7 29. Kf2 Qc5 30. Rd4 g6 31. Re4 Rxe4 32. Qxe4 Qa3 33. Qc2
Kg7 34. g4 Kf6 35. Qd2 Ke7 36. Kf3 a5 37. h4 Qd6 38. g5 Qe5 39. Qc2 Kd6 40. e4
Qd4 41. Qh2+ Kd7 42. Qc2 Qg1 43. e5 Qh1+ 44. Qg2 Qxh4 45. Qg4+ Qxg4+ 46. Kxg4
c6 47. Kf4 b5 48. cxb5 cxb5 49. Ke4 b4 50. Kd4 a4 51. Kc4 b3 52. axb3 axb3 53.
Kxb3 Ke7 54. Kc4 Ke8 55. Kc5 h5 56. gxh6 Kf8 57. d6 g5 58. d7 Ke7 59. h7 Kxd7
60. h8=Q g4 61. Kd5 g3 62. Qg7 g2 63. Qxg2 {Normal} 1-0

[Event "Rated Blitz game"]
[Site "?"]
[Date "2021.02.11"]
[Round "?"]
[White "papajio1"]
[Black "batasjon"]
[Result "0-1"]
[WhiteElo "2433"]
[BlackElo "2317"]
[PlyCount "22"]
[EventDate "2021.??.??"]
[EventType "blitz"]

1. e4 e5 2. Nf3 d5 3. Nxe5 Bd6 4. Nxf7 Kxf7 5. exd5 Qh4 6. Qf3+ Nf6 7. g3 Qg4
8. Bg2 Re8+ 9. Kf1 Qc4+ 10. d3 Qxc2 11. Nc3 Bg4 {Normal} 0-1

[Event "Rated Blitz game"]
[Site "?"]
[Date "2021.02.11"]
[Round "?"]
[White "ivanhoeg"]
[Black "Blind2250"]
[Result "0-1"]
[WhiteElo "2397"]
[BlackElo "2438"]
[PlyCount "62"]
[EventDate "2021.??.??"]
[EventType "blitz"]

1. e4 e5 2. Nf3 d5 3. Nxe5 Bd6 4. d4 dxe4 5. Bf4 Nf6 6. Nc3 O-O 7. Bc4 Nc6 8.
Nxc6 bxc6 9. Bg5 Re8 10. O-O h6 11. Bh4 Bf5 12. Re1 g5 13. Bg3 Kg7 14. Qd2 Bg6
15. Rad1 Nh5 16. Bb3 f5 17. Bxd6 cxd6 18. d5 c5 19. Bc4 Nf4 20. Bf1 Bh5 21. Rc1
Qf6 22. g3 Ng6 23. Bg2 Ne5 24. Nd1 Bf3 25. Rf1 Qg6 26. Ne3 Rf8 27. b3 Qh5 28.
Nc4 Bxg2 29. Nxe5 Qh3 30. Nd7 Bf3 31. Qc3+ Kg6 {Normal} 0-1

[Event "Rated Blitz game"]
[Site "?"]
[Date "2021.02.11"]
[Round "?"]
[White "kklundt"]
[Black "BigTy"]
[Result "1-0"]
[WhiteElo "2413"]
[BlackElo "2293"]
[PlyCount "113"]
[EventDate "2021.??.??"]
[EventType "blitz"]

1. e4 e5 2. Nf3 d5 3. Nxe5 Bd6 4. d4 dxe4 5. Nc3 Bxe5 6. dxe5 Qxd1+ 7. Kxd1 Nc6
8. Bb5 Bg4+ 9. Ke1 Nge7 10. Nxe4 O-O-O 11. f3 Bf5 12. Bf4 Ng6 13. Bg3 Ncxe5 14.
Rd1 Bxe4 15. Rxd8+ Rxd8 16. fxe4 c6 17. Be2 Re8 18. h4 Nd7 19. h5 Nge5 20. h6
g6 21. Rf1 Kd8 22. Kd2 Ke7 23. Ke3 f6 24. Bh4 g5 25. Bg3 Rg8 26. a4 Rg6 27. Rh1
Nf7 28. Bg4 Rxh6 29. Rd1 Nde5 30. Bf5 Nd6 31. Bxe5 Nxf5+ 32. exf5 fxe5 33. Ke4
Rd6 34. Rh1 h6 35. Kxe5 Rd5+ 36. Ke4 Rd6 37. c4 c5 38. a5 b6 39. Ke5 Rf6 40.
axb6 Rxb6 41. b3 Rxb3 42. Rxh6 Re3+ 43. Kd5 a5 44. Kxc5 a4 45. Ra6 a3 46. Kd4
Rb3 47. f6+ Kf7 48. Ke5 Re3+ 49. Kf5 Rc3 50. Kxg5 Rxc4 51. g4 Rc5+ 52. Kh4 a2
53. g5 Rc4+ 54. Kh5 Rc2 55. Ra7+ Ke6 56. Kg6 Rf2 57. f7 {Time forfeit} 1-0